Budgeting for national development; (Record no. 80239)

MARC details
000 -LEADER
fixed length control field 00915cam a22002651 4500
001 - CONTROL NUMBER
control field sa 68004628
003 - CONTROL NUMBER IDENTIFIER
control field DLC
005 - DATE AND TIME OF LATEST TRANSACTION
control field 20260227112502.0
008 - FIXED-LENGTH DATA ELEMENTS--GENERAL INFORMATION
fixed length control field 711028s1967 pk b 00010 eng
010 ## - LIBRARY OF CONGRESS CONTROL NUMBER
LC control number sa 68004628 //r87
025 ## - OVERSEAS ACQUISITION NUMBER
Overseas acquisition number PL480:P-E-1359
043 ## - GEOGRAPHIC AREA CODE
Geographic area code a-pk---
050 0# - LIBRARY OF CONGRESS CALL NUMBER
Classification number HJ2154.5
Item number .M6
082 ## - DEWEY DECIMAL CLASSIFICATION NUMBER
Classification number 354.549/00722
100 10 - MAIN ENTRY--PERSONAL NAME
Personal name Moquit, A.,
Relator term comp.
245 00 - TITLE STATEMENT
Title Budgeting for national development;
Remainder of title a study of financial administration in Pakistan.
Statement of responsibility, etc. Edited by A. Moquit.
260 0# - PUBLICATION, DISTRIBUTION, ETC.
Place of publication, distribution, etc. Lahore,
Name of publisher, distributor, etc. National Institute of Public Administration
Date of publication, distribution, etc. [1967]
300 ## - PHYSICAL DESCRIPTION
Extent xii, v, 581 p.
Dimensions 24 cm.
350 ## - PRICE (NR) (BK AM CF MU VM SE) [OBSOLETE]
Price Rs21
500 ## - GENERAL NOTE
General note "Originally based on the course on budget preparation organised by NIPA."
504 ## - BIBLIOGRAPHY, ETC. NOTE
Bibliography, etc. note Bibliography: p. 551-581.
650 #0 - SUBJECT ADDED ENTRY--TOPICAL TERM
Topical term or geographic name entry element Budget
Geographic subdivision Pakistan.
650 #0 - SUBJECT ADDED ENTRY--TOPICAL TERM
Topical term or geographic name entry element Finance, Public
Geographic subdivision Pakistan
General subdivision Accounting.
710 20 - ADDED ENTRY--CORPORATE NAME
Corporate name or jurisdiction name as entry element National Institute of Public Administration (Pakistan)

No items available.

Powered by Koha